Etiqueta de registo: 00254nam 2200025 450
001 2283902
003 http://id.bnportugal.gov.pt/bib/catbnp/2283902
010 ## $a978-989-36102-0-6
021 ## $aPT$b544304/25
100 ## $a20260408d2025 m y0pory01030103ba
101 0# $apor
102 ## $aPT
105 ## $aa g 000yy
106 ## $ar
200 1# $aPhotovoice$eguia prático para educadores$fMindShift Skills Hub$gcoord. Henrique Sim-Sim
210 #9 $aÉvora$cFundação Eugénio de Almeida,$dD.L. 2025
215 ## $a93, [3] p.$cil.$d25 cm
675 ## $a502.17(035)$vBN$zpor$31886466
675 ## $a004.42(035)$vBN$zpor$31283949
675 ## $a004.9(035)$vBN$zpor$31318429
702 #1 $aSim-Sim,$bHenrique$4340$31623357
710 02 $aMindShift Skills Hub$31995426
801 #0 $aPT$bBN$gRPC
856 41 $uhttp://rnod.bnportugal.gov.pt/ImagesBN/winlibimg.aspx?skey=&doc=2283902&img=222671&save=true
900 ## $aBIBNAC$d20260602
966 ## $lBN$mFGMON$sS.A. 193984 V.$x1
971 ## $cabrito$d20260408
972 ## $e0$z0$d20260602$vasantos
973 ## $csteixeira$d20260526